<?xml version="1.0" encoding="UTF-8"?>
<record
    xmlns:xsi="http://www.w3.org/2001/XMLSchema-instance"
    xsi:schemaLocation="http://www.loc.gov/MARC21/slim http://www.loc.gov/standards/marcxml/schema/MARC21slim.xsd"
    xmlns="http://www.loc.gov/MARC21/slim">

  <leader>01004nam a2200217 i 4500</leader>
  <controlfield tag="001">46776</controlfield>
  <controlfield tag="003">ES-MaACL</controlfield>
  <controlfield tag="005">20230906161439.0</controlfield>
  <controlfield tag="007">t|</controlfield>
  <controlfield tag="008">030401m19781979sp           ||||1| spa d</controlfield>
  <datafield tag="020" ind1=" " ind2=" ">
    <subfield code="a">84-500-2608-3</subfield>
  </datafield>
  <datafield tag="111" ind1="2" ind2=" ">
    <subfield code="a">Congreso de Historia de Andaluc&#xED;a (</subfield>
    <subfield code="n">1&#xBA;. </subfield>
    <subfield code="d">1976. </subfield>
    <subfield code="c">C&#xF3;rdoba)</subfield>
    <subfield code="9">304</subfield>
  </datafield>
  <datafield tag="245" ind1="1" ind2="0">
    <subfield code="a">Actas del I Congreso de Historia de Andaluc&#xED;a.</subfield>
  </datafield>
  <datafield tag="260" ind1=" " ind2=" ">
    <subfield code="a">C&#xF3;rdoba : </subfield>
    <subfield code="b">Monte de Piedad y Caja de Ahorros de C&#xF3;rdoba, </subfield>
    <subfield code="c">1978-1979.</subfield>
  </datafield>
  <datafield tag="300" ind1=" " ind2=" ">
    <subfield code="a">6 t. en 9 v. : </subfield>
    <subfield code="b">il., mapas ; </subfield>
    <subfield code="c">24 cm.</subfield>
  </datafield>
  <datafield tag="504" ind1=" " ind2=" ">
    <subfield code="a">Referencias bibliogr&#xE1;ficas.</subfield>
  </datafield>
  <datafield tag="505" ind1="8" ind2=" ">
    <subfield code="a">Contiene: I. Fuentes y metodolog&#xED;a : Andaluc&#xED;a en la antig&#xFC;edad - II-III. Andaluc&#xED;a medieval - IV-V. Andaluc&#xED;a moderna (siglos XVI-XVII) - VI-VII. Andaluc&#xED;a moderna (siglo XVIII) - VIII. Andaluc&#xED;a contempor&#xE1;nea (siglos XIX y XX) - IX. Andaluc&#xED;a hoy</subfield>
  </datafield>
  <datafield tag="651" ind1=" " ind2="4">
    <subfield code="a">Andaluc&#xED;a-</subfield>
    <subfield code="x">Historia-</subfield>
    <subfield code="v">Congresos y asambleas.</subfield>
    <subfield code="9">172799</subfield>
  </datafield>
  <datafield tag="710" ind1="2" ind2=" ">
    <subfield code="a">Monte de Piedad y Caja de Ahorros de C&#xF3;rdoba.</subfield>
    <subfield code="9">5763</subfield>
  </datafield>
  <datafield tag="852" ind1=" " ind2=" ">
    <subfield code="a">ES-MaACL</subfield>
    <subfield code="j">P-163</subfield>
  </datafield>
  <datafield tag="999" ind1=" " ind2=" ">
    <subfield code="c">46776</subfield>
    <subfield code="d">46776</subfield>
  </datafield>
  <datafield tag="952" ind1=" " ind2=" ">
    <subfield code="0">0</subfield>
    <subfield code="1">0</subfield>
    <subfield code="4">0</subfield>
    <subfield code="7">0</subfield>
    <subfield code="a">ATENEOM</subfield>
    <subfield code="b">ATENEOM</subfield>
    <subfield code="c">DEPO2</subfield>
    <subfield code="d">2008-01-17</subfield>
    <subfield code="e">SC</subfield>
    <subfield code="l">0</subfield>
    <subfield code="o">P-163</subfield>
    <subfield code="p">1049198</subfield>
    <subfield code="r">2023-02-23 00:00:00</subfield>
    <subfield code="w">2023-02-23</subfield>
    <subfield code="y">MONOGRAFIA</subfield>
  </datafield>
</record>
